书目信息 |
| 题名: |
Fireworks 4网页图象设计专家指导
|
|
| 作者: | 林渊博 , 王海宁 | |
| 分册: | ||
| 出版信息: | 北京 清华大学出版社 2001.10 |
|
| 页数: | 382页 | |
| 开本: | 26cm | |
| 丛书名: | ||
| 单 册: | ||
| 中图分类: | TP393.062 | |
| 科图分类: | ||
| 主题词: | 计算机应用 | |
| 电子资源: | ||
| ISBN: | 7-302-04785-5 | |
| 000 | 00651nam0 2200205 45 | |
| 001 | 0238237763 | |
| 005 | 2002052010371748 | |
| 010 | @a7-302-04785-5@dRMB 35.00 | |
| 100 | @a20020520d2001 km y0chiy0120 ea | |
| 101 | 0 | @achi |
| 102 | @aCN@b110000 | |
| 200 | 1 | @aFireworks 4网页图象设计专家指导@AFireworks 4 Wang Ye Tu Xiang She Ji Zhuan Jia Zhi Dao@f林渊博,王海宁等@FLin Yuan Bo,Wang Hai Ning Deng |
| 210 | @a北京@c清华大学出版社@d2001.10 | |
| 215 | @a382页@d26cm | |
| 606 | 0 | @a计算机应用 |
| 690 | @aTP393.062@v3 | |
| 701 | 0 | @a林渊博@ALin Yuan Bo |
| 701 | 0 | @a王海宁@AWang Hai Ning |
| 801 | 0 | @aCN@bPFT@c20020520 |
| 905 | @a安徽大学@dTP393.062@eL520 | |
| Fireworks 4网页图象设计专家指导/林渊博,王海宁等.-北京:清华大学出版社,2001.10 |
| 382页;26cm |
| ISBN 7-302-04785-5:RMB 35.00 |
| ● |
| 相关链接 |
|
|
|
正题名:Fireworks 4网页图象设计专家指导
索取号:TP393.062/L520
 
预约/预借
| 序号 | 登录号 | 条形码 | 馆藏地/架位号 | 状态 | 备注 |
| 1 | 354328 | 203543282 | 自科库301/ [索取号:TP393.062/L520] | 在馆 | |
| 2 | 354329 | 203543291 | 期刊室512/301自科库 120排2列5层/ [索取号:TP393.062/L520] | 在馆 |